| 000 | 01202cam a2200325 a 4500 | ||
|---|---|---|---|
| 001 | 12653934 | ||
| 003 | ARRUPE | ||
| 005 | 20131220141815.0 | ||
| 008 | 020123s2001 nyua b 001 0 eng d | ||
| 010 | _a 2002276791 | ||
| 020 | _a0465023258 | ||
| 035 | _a(OCoLC)ocm46459770 | ||
| 040 |
_aVAE _cVAE _dDBI _dNGU _dAFQ _dDLC |
||
| 042 | _alccopycat | ||
| 050 | 0 | 0 |
_aHJ235 _b.F47 2001 |
| 082 | 0 | 0 |
_a330.9/03 _221 |
| 100 | 1 |
_aFerguson, Niall. _96323 |
|
| 245 | 1 | 4 |
_aThe cash nexus : _bmoney and power in the modern world, 1700-2000 / _cNiall Ferguson. |
| 260 |
_aNew York : _bBasic Books, _cc2001. |
||
| 300 |
_axix, 552 p. : _bill. ; _c24 cm. |
||
| 504 | _aIncludes bibliographical references (p. 491-532) and index. | ||
| 650 | 0 |
_aMoney _xHistory. _96324 |
|
| 650 | 0 |
_aMoney _xPolitical aspects. _96325 |
|
| 650 | 0 |
_aFinance, Public. _96326 |
|
| 650 | 0 |
_aHistory, Modern. _96327 |
|
| 856 | 4 | 2 |
_3Publisher description _uhttp://www.loc.gov/catdir/enhancements/fy0832/2002276791-d.html |
| 906 |
_a7 _bcbc _ccopycat _d2 _encip _f20 _gy-gencatlg |
||
| 942 |
_2lcc _cMONOGRAPH |
||
| 999 |
_c119454 _d119454 |
||